000 01995nam0a2200421 4500
001 RU\NLR\BIBL_A\012408195
005 20251028142539.0
010 _a978-5-389-11172-1
_95000
021 _aRU
_bКН-П-19-033034
_9КН-П-19-3607
021 _aRU
_bКН-П-23-006816
_9КН-П-23-0656
035 _a(NLR Aleph) 012408195
035 _a(RuMoRGB)010285525
090 _a11761792
_c11761792
100 _a20201120d2020 bd y0rusy50 ca
101 1 _arus
_cnor
102 _aRU
_aUA
105 _aa z 000ay
181 0 _ai
_baxxe
182 0 _an
200 1 _aПапа, мама, бабушка и восемь детей в деревне, или Маленький подарок Антона
_eповести
_e[для среднего школьного возраста]
_fАнне-Кат. Вестли
_gперевод с норвежского Л. Г. Горлиной
_gхудожник: Наталья Кучеренко
203 _aТекст
_bвизуальный
_cнепосредственный
210 _aМосква [и др.]
_cМахаон [и др.]
_d2020
215 _a222, [1] с.
_cцв. ил.
_d24
300 _aРанее кн. выходила под назв. "Маленький подарок Антона"
327 1 _aСодерж.: Каникулы в хлеву; Маленький подарок Антона; Бабушкина дорога
333 _a0+
451 0 _12001#$aМаленький подарок Антона
517 1 _aМаленький подарок Антона
686 0 _aШ9(4Нр)62-4
700 1 _aВестли
_bА.-К.
_f1920-2008
_gАнне-Катрине
_3RU\NLR\AUTH\7731161
702 1 _aКучеренко
_bН. В.
_gНаталья Всеволодовна
_3RU\NLR\AUTH\770285972
_4040
942 _cBOOK
980 _aNBR
980 _aNB